Rivas y Larra: razón social del romanticismo en España
Saved in:
| Hovedforfatter: | |
|---|---|
| Format: | Bog |
| Sprog: | spansk |
| Udgivet: |
Madrid
Espasa Calpe
1957
|
| Udgivelse: | 2a. ed |
| Serier: | Colección Austral, 674
|
| Fag: | |
| Tags: |
Tilføj Tag
Ingen Tags, Vær først til at tagge denne postø!
|
MARC
| LEADER | 00000nam a2200000 a 4500 | ||
|---|---|---|---|
| 001 | UCT7402 | ||
| 003 | CL-VaPUC | ||
| 005 | 20250106122336.0 | ||
| 008 | 970117e19570000SP |||||||||||||||||spa|d | ||
| 100 | |a Azorín |e autor |q Martínez Ruiz, José |9 863023 | ||
| 999 | |c 256027 |d 256025 | ||
| 040 | |c Pontificia Universidad Católica de Valparaíso | ||
| 082 | 0 | 4 | |a 864 |b AZO |2 21 |
| 245 | 1 | 0 | |a Rivas y Larra: razón social del romanticismo en España |
| 250 | |a 2a. ed | ||
| 260 | |a Madrid |b Espasa Calpe |c 1957 | ||
| 300 | |a 166 p | ||
| 490 | 0 | |a Colección Austral, 674 | |
| 583 | |a last modification |c 19970117 00:00:00 |k Rodrigo Vera | ||
| 600 | 0 | 7 | |a RIVAS, DUQUE DE |2 CL-VaPUC |9 318968 |
| 600 | 0 | 7 | |a Larra, Mariano José de |d 1809-1837 |9 859868 |
| 650 | 0 | |a Ensayos españoles |9 313128 | |
| 650 | 0 | |a Romanticismo en la literatura |9 313777 | |
| 852 | |a BIBCUR | ||
| 942 | |c BK |2 ddc | ||
| 945 | |d 19970117 00:00:00 |a nastorga | ||
| 952 | |0 0 |1 0 |4 0 |6 864_000000000000000_AZO_1957 |7 0 |8 A |9 278553 |a BIBEDU |b BIBEDU |d 2019-11-19 |i 3272850 |o 864 AZO 1957 |p 3272850 |r 2019-11-19 |w 2019-11-19 |y BK |k LIT | ||
| 952 | |0 0 |1 0 |4 0 |6 864_000000000000000_AZO_1957 |7 0 |8 A |9 278554 |a BIBEDU |b BIBEDU |d 2019-11-19 |i 3272869 |o 864 AZO 1957 |p 3272869 |r 2019-11-19 |w 2019-11-19 |y BK |k LIT | ||
| 952 | |0 0 |1 0 |4 0 |6 864_000000000000000_AZO_1957 |7 0 |8 A |9 278555 |a BIBEDU |b BIBEDU |d 2019-11-19 |i 1453092 |o 864 AZO 1957 |p 1453092 |r 2019-11-19 |w 2019-11-19 |y BK |k LIT | ||